46 West Grab Bag VI - Statistics

General Stats
  • This quiz has been taken 9 times
  • The average score is 9 of 20
Answer Stats
Question Answer % Correct
Which actor plays Private Ryan in Saving Private Ryan? Matt Damon
83%
Who was the MVP of the first Super Bowl? (Hint: Green Bay Packers) Bart Starr
67%
Which NFL team is the only one to complete an undefeated season in the Super Bowl era, finishing with a victory in the big game? Miami Dolphins
67%
What was the top-grossing movie of 2008? (Hint: Christoper Nolan directed it) The Dark Knight
67%
What breakfast food does Donkey want to make with Shrek in Shrek? Waffles
67%
In which year was the College Football Playoff (CFP) system introduced? 2014
50%
Who was named the Finals MVP in 2004? (Hint: Detroit Pistons) Chauncey Billups
50%
In which city is Texas A&M located? College Station
50%
Who is the all-time leading rusher in NFL history? Emmitt Smith
50%
Who was selected as the first overall pick in the 2007 NBA Draft? Greg Oden
50%
What is Lightning McQueen's number in Cars? 95
33%
What is the name of the stadium where the Oregon Ducks football team plays? Autzen Stadium
33%
Which Call of Duty Zombies map takes place in Shanghai China, in the sky throughout the interior of toppled and crumbling skyscrapers? Die Rise
33%
In Avatar, what's the name of the alien world that humans are visiting in their "avatar" form? Pandora
33%
Which ACC college football team is nicknamed the "Panthers"? Pittsburgh
33%
In which city is Baylor University located? Waco
33%
Oregon and Oregon St. play in the rivalry game called what? Civil War
17%
What is the name of the camp where counselors are terrorized by a slasher in Friday the 13th? Crystal Lake
17%
Which former Call of Duty professional player is nicknamed "Haggy"? Parasite
17%
On what map was this quote said "Scump is getting CROSS MAP KILLS WITH THE SKORPION!!" Slums
17%
No matching quizzes found
Score Distribution
Percent of People with Each Score
Percentile by Number Answered
Your Score History
You have not taken this quiz